Planning gain and affordable housing (Record no. 102498)
[ view plain ]
| 000 -LEADER | |
|---|---|
| fixed length control field | 01395cam a2200337 4500 |
| 001 - CONTROL NUMBER | |
| control field | |
| 008 - FIXED-LENGTH DATA ELEMENTS--GENERAL INFORMATION | |
| fixed length control field | 021021n2002 000 0 eng u |
| 020 ## - INTERNATIONAL STANDARD BOOK NUMBER | |
| International Standard Book Number | 184263111X |
| 035 ## - SYSTEM CONTROL NUMBER | |
| System control number | (Sirsi) u120179 |
| 041 ## - LANGUAGE CODE | |
| Language code of text/sound track or separate title | 306.1 |
| Languages of separate titles (VM) [OBSOLETE] ; Languages of available translation (SE) [OBSOLETE] | 18 |
| 100 ## - MAIN ENTRY--PERSONAL NAME | |
| Personal name | Crook, Tony |
| 245 ## - TITLE STATEMENT | |
| Title | Planning gain and affordable housing |
| Remainder of title | making it count |
| 260 ## - PUBLICATION, DISTRIBUTION, ETC. | |
| Place of publication, distribution, etc. | York |
| Name of publisher, distributor, etc. | York Publishing Services |
| Date of publication, distribution, etc. | 2002 |
| 300 ## - PHYSICAL DESCRIPTION | |
| Extent | vii, 60p. |
| Dimensions | 30cm. |
| 350 ## - PRICE (NR) (BK AM CF MU VM SE) [OBSOLETE] | |
| Price | 15.95 |
| 520 ## - SUMMARY, ETC. | |
| Summary, etc. | An evaluation of s106 planning agreements by the Joseph Rowntree Foundation, supported by other bodies including RICS, which argues that the growing use of 'planning gain' powers to secure social housing from developers has done little to raise the total number of affordable homes being provided. The study also considers the cost of building affordable homes and who bears those costs. |
| 650 ## - SUBJECT ADDED ENTRY--TOPICAL TERM | |
| Topical term or geographic name entry element | Affordable housing |
| 9 (RLIN) | 6215 |
| 650 ## - SUBJECT ADDED ENTRY--TOPICAL TERM | |
| Topical term or geographic name entry element | HOUSING COMPLETIONS |
| 650 ## - SUBJECT ADDED ENTRY--TOPICAL TERM | |
| Topical term or geographic name entry element | TOWN AND COUNTRY PLANNING ACT 1990 S106 |
| 650 ## - SUBJECT ADDED ENTRY--TOPICAL TERM | |
| Topical term or geographic name entry element | PLANNING GAIN |
| 690 ## - LOCAL SUBJECT ADDED ENTRY--TOPICAL TERM (OCLC, RLIN) | |
| Topical term or geographic name as entry element | Planning and development |
| 9 (RLIN) | 6259 |
| 700 ## - ADDED ENTRY--PERSONAL NAME | |
| Personal name | Currie, Jennie |
| 700 ## - ADDED ENTRY--PERSONAL NAME | |
| Personal name | Jackson, Alastair |
| 700 ## - ADDED ENTRY--PERSONAL NAME | |
| Personal name | Monk, Sarah |
| 700 ## - ADDED ENTRY--PERSONAL NAME | |
| Personal name | Rowley, Steven |
| 700 ## - ADDED ENTRY--PERSONAL NAME | |
| Personal name | Smith, Kerry |
| 700 ## - ADDED ENTRY--PERSONAL NAME | |
| Personal name | Whitehead, Christine |
| 710 ## - ADDED ENTRY--CORPORATE NAME | |
| Corporate name or jurisdiction name as entry element | Joseph Rowntree Foundation |
| 9 (RLIN) | 2318 |
| 856 ## - ELECTRONIC LOCATION AND ACCESS | |
| Uniform Resource Identifier | <a href="https://www.jrf.org.uk/bookshop/details.asp?pubID=477">https://www.jrf.org.uk/bookshop/details.asp?pubID=477</a> |
| Public note | View the report at www.jrf.org.uk... |
| 942 ## - ADDED ENTRY ELEMENTS (KOHA) | |
| Suppress in OPAC | 0 |
| Withdrawn status | Lost status | Source of classification or shelving scheme | Damaged status | Not for loan | Home library | Current library | Shelving location | Date acquired | Cost, normal purchase price | Total Checkouts | Full call number | Barcode | Date last seen | Date last checked out | Copy number | Cost, replacement price | Price effective from | Koha item type |
|---|---|---|---|---|---|---|---|---|---|---|---|---|---|---|---|---|---|---|
| Dewey Decimal Classification | London | London | Folio | 30/01/2003 | 13.56 | 10 | F306.1 CRO | 30068175 | 06/08/2019 | 13/05/2008 | 1 | 13.56 | 06/08/2019 | Book | ||||
| Dewey Decimal Classification | Virtual | Virtual | Online | 18/03/2005 | ONLINE PUBLICATION | 120179-3001 | 06/08/2019 | 1 | 06/08/2019 | Book |